Raquel
Saved in:
| Hovedforfatter: | |
|---|---|
| Format: | Bog |
| Sprog: | spansk |
| Udgivet: |
Buenos Aires
Espasa-Calpe
1947
|
| Serier: | Austral, 684
|
| Fag: | |
| Tags: |
Tilføj Tag
Ingen Tags, Vær først til at tagge denne postø!
|
MARC
| LEADER | 00000nam a2200000 a 4500 | ||
|---|---|---|---|
| 001 | UCR3391 | ||
| 003 | CL-VaPUC | ||
| 008 | 980124e19470000AG |||||||||||||||||spa|d | ||
| 082 | 0 | 4 | |a 862 |b GAR |2 21 |
| 100 | |a García de la Huerta, Vicente |e author |9 402249 | ||
| 245 | 1 | 0 | |a Raquel |
| 246 | 1 | 0 | |a Agamenón vengado |
| 300 | |a 164 p | ||
| 942 | |c BK | ||
| 945 | |d 19980124 00:00:00 |a aolguin | ||
| 260 | |a Buenos Aires |b Espasa-Calpe |c 1947 | ||
| 650 | 0 | |a Dramas españoles |9 267081 | |
| 650 | 0 | |a Literatura española |9 306261 | |
| 583 | |a last modification |c 19980124 00:00:00 |k Rodrigo Vera | ||
| 490 | 0 | |a Austral, 684 | |
| 999 | |c 266469 |d 266467 | ||